| 000 | 01215nam a22002777a 4500 | ||
|---|---|---|---|
| 001 | 81827 | ||
| 003 | BD-RjUL | ||
| 005 | 20230902181958.0 | ||
| 008 | 230902s2020 bg a|||| m||| 00| 0 eng d | ||
| 035 | _a(BD-RjUL)81827 | ||
| 040 |
_aBD-RjUL _beng _cBD-RjUL _dBD-RjUL |
||
| 041 | _aeng | ||
| 082 |
_223 _a618.30954924 _bAKP 2020 |
||
| 100 |
_aAkhter, Sultana Nasima _98727 |
||
| 245 | 1 | 0 |
_aPrevalence of preeclampsia causing pregnancy complications and its associated risk factors among women in Rajshahi region / _cBy Sultana, Nasima Akhter ; _6Supervisor : Parvez, Hassan, Co-Supervisor : Md. Jawadul Haque, Co-Supervisor : Hasina, Akhter, |
| 260 |
_aRajshahi : _bInstitute of Biological Sciences, University of Rajshahi, _c2020 |
||
| 300 |
_axxi, 192 leaves : _bill, ; _c29.cm. |
||
| 502 | _aThesis (Ph. D.) -- Institute of Biological Sciences, University of Rajshahi, 2020 | ||
| 504 | _aReferences : Leaves 150- 172 | ||
| 650 |
_aDiseases and complications of pregnancy _vRajshahi _98728 |
||
| 650 |
_aGynecology _zBangladesh _98414 |
||
| 700 |
_aHassan, Parvez, Supervisor _98729 |
||
| 700 |
_aHaque, Md. Jawadul, Co-Supervisor _96749 |
||
| 700 |
_aAkhter, Hasina, Co-Supervisor _98730 |
||
| 942 |
_2ddc _cTHE |
||
| 999 |
_c81827 _d81827 |
||